Statistics for Dr. Seuss Quotes

Click here to take the quiz!

General Stats

  • This quiz has been taken 4,926 times
  • The average score is 6 of 14

Answer Stats

Quote% Correct
I do not like green eggs and ham. I do not like them {Sam} {I} {Am}
92%
I am the Lorax, I speak for the {trees}
73%
A person's a person, no matter how {small}
70%
Don't cry because it's over. {Smile} because it happened.
67%
Today you are are you, that is truer than true. There is no one alive who is {youer} {than} {you}
50%
In Who-ville they say that the Grinch's small heart grew {three} {sizes} that day!
49%
An {elephant}'s faithful, one hundred percent.
37%
And to think I saw it on {Mulberry} street
34%
What if Christmas, he thought, doesn't come from a {store}?
31%
That day, they decided that Sneetches are Sneetches, and no kind of Sneetch is the best on the {beaches}
25%
I'm Yertle the Turtle! Oh, marvelous me! For I am the ruler of all {that} {I} {see}
25%
Unless someone like you cares a whole awful lot, nothing is going to {get} {better}. It's not.
24%
The more that you {learn}, the more places you'll go
16%
If you never did, you should. These things are fun and {fun} {is} {good}
12%

Score Distribution

Percentile by Number Answered

Percent of People with Each Score

Your Score History

You have not taken this quiz